000 00753nam a2200217 a 4500
001 000010171
005 20240412074215.0
008 091005s1987 dr a 000 p spa d
040 _aDO-SdBNP
_bspa
_cBNPHU
082 _aRD861.44
_bD542n
100 1 _aDíaz Guerra, Eduardo,
_d1954-
_924872
245 1 0 _aNostalgia de Lori Lemaris /
_cEduardo Díaz Guerra ; prólogo César Namnúm.
260 _aSanto Domingo :
_bAladino,
_c1987.
300 _a70 p. :
_bil. ;
_c20 cm.
500 _aIncluye datos biográficos del autor en la contracubierta
590 _aInventariado, 2019/LP
650 0 _aPoesía dominicana
_966
650 0 _aLiteratura dominicana.
_967
700 1 _aNamnúm, César,
_eprólogo
_925170
910 _aValidado. Control de calidad MFF
999 _c9930
_d9930